Tilastot visalle Alppimaat

Klikkaa tästä pelataksesi tätä visaa!

Yleistilastot

  • Tätä visaa on pelattu 1 813 kertaa
  • Keskiarvotulos 7 / 7

Vastaustilastot

Valtio% Oikein
Italia
97%
Itävalta
97%
Sveitsi
97%
Ranska
96%
Saksa
94%
Slovenia
87%
Liechtenstein
84%

Tulosjakauma

Persentiili vastausten määrän mukaan

Jokaisen tuloksen saaneiden osuus

Tuloshistoriasi

Et ole pelannut tätä visaa